000 00749nam a2200265Ia 4500
001 37180
005 20240114001924.0
007 ta
008 070531s1870 a g b000 u 465 u
040 _aCotton College Assam
041 _a465
082 _a942
_bF 939 H
100 _aFroude, James Anthony .
245 0 _aHistory of England From the Fall of Wolsey to the Defeat of the Spanish Armada /
_cJames Anthony Froude.
_hTextual Documents
250 _a1st ed. /
260 _aNew York :
_bLongmans Green & Co ,
_c1870.
300 _axvi,633p. :
_bill ;
_c22cm .
362 _aVol. I-
504 _aIndex
653 _aHistory-England
653 _aG-History
942 _2ddc
_cBK
999 _c37162
_d37162